Rituály normalizace : Československo 70.-80. let = The rituals of normalization : Czechoslovakia in the 1970s and 1980s /

Hlavní autor: Kyndrová, Dana, 1955-
Korporativní autor: Staroměstská radnice (Praha, Česko)
Jazyk: Čeština
Angličtina
Vydáno: [Praha] : KANT, 2011
Témata:
Fyzický popis: 175 s. : il. ; 29 cm
Language note: Souběžný anglický text
Knihy
Uloženo v:
LEADER 02404cam a2200577 a 4500
001 nkc20112223218
003 CZ PrNK
005 20120709105448.0
007 ta
008 110622s2011 xr a e 000 0dcze d
015 |a cnb002223218 
020 |a 978-80-7437-044-1  |q (váz.) 
035 |a (OCoLC)776503068 
040 |a HKA001  |b cze  |d ABA001 
041 1 |a cze  |a eng  |h cze 
043 |a e-cs--- 
045 |a x6x8 
072 7 |a 77  |x Fotografie. Fotografické postupy  |2 Konspekt  |9 21 
080 |a 94(437)"1969/1989"  |2 MRF 
080 |a 316.728  |2 MRF 
080 |a 77.03  |2 MRF 
080 |a 323  |2 MRF 
080 |a (437)  |2 MRF 
080 |a (084.12)  |2 MRF 
100 1 |a Kyndrová, Dana,  |d 1955-  |7 jn19990209461  |4 aut  |4 pht 
245 1 0 |a Rituály normalizace :  |b Československo 70.-80. let = The rituals of normalization : Czechoslovakia in the 1970s and 1980s /  |c fotografie Dana Kyndrová 
246 3 0 |a Československo 70.-80. let 
246 3 0 |a Czechoslovakia in the 1970s and 1980s 
246 3 1 |a Rituals of normalization 
260 |a [Praha] :  |b KANT,  |c 2011 
300 |a 175 s. :  |b il. ;  |c 29 cm 
500 |a "Tato publikace byla vydána k výstavě v Křížové chodbě a Rytířském sále na Staroměstské radnici v Praze (4.7.-14.8.2011)"--Rub tit. s. 
546 |a Souběžný anglický text 
600 1 7 |a Kyndrová, Dana,  |d 1955-  |7 jn19990209461  |2 czenas 
648 7 |a 1969-1989  |7 ch460663  |2 czenas 
650 0 7 |a normalizace (1969-1989 : Československo)  |7 ph123319  |2 czenas 
650 0 7 |a každodenní život  |7 ph121555  |z Československo  |y 1969-1989  |2 czenas 
650 0 7 |a dokumentární fotografie  |7 ph119534  |z Československo  |y 1969-1989  |2 czenas 
650 0 9 |a "normalization", Czechoslovakia, 1969-1989  |2 eczenas 
650 0 9 |a everyday life  |z Czechoslovakia  |y 1969-1989  |2 eczenas 
650 0 9 |a documentary photography  |z Czechoslovakia  |y 1969-1989  |2 eczenas 
655 7 |a fotografické publikace  |7 fd132276  |2 czenas 
655 9 |a photographical works  |2 eczenas 
651 7 |a Československo  |7 ge131689  |x společnost a politika  |y 1969-1989  |2 czenas 
651 9 |a Czechoslovakia  |x society and politics  |y 1969-1989  |2 eczenas 
710 2 |a Staroměstská radnice (Praha, Česko)  |7 kn20020911010 
910 2 |a BOA001  |b 4-1289.046 
990 |a BK 
995 |a 01 
991 |b 201207  |c NOV  |e n 
996 6 |b 2610514956  |c 4-1289.046  |l MZK  |r Sklad / do 1 hodiny  |n 23  |p p.v.  |w 001260621  |u 000010  |a 1  |e BOA001  |j MZK50  |s P